• 首页
  • 本馆介绍
  • 公告通知
  • 最新文献
  • 馆藏检索
  • 电子资源
  • 读者导购
  • 参考咨询
  • 我的图书馆
  • 登录
  • 详细信息显示
  • 放入我的书架
  • 预约/预借图书
  • 作者相关作品
  • 分类相关作品
  • 丛书相关作品
  • 出版社相关作品

书目信息

  • 表格格式
  • 工作单格式
  • 卡片格式
题名:
化学反应工程
    
 
作者: 福格勒 , Fogler 著 ;李术元 , 朱建华 译
分册:  
出版信息: 北京   化学工业出版社  2005
页数: 20,725页
开本: 24cm
丛书名:
单 册:
中图分类: TQ03
科图分类:
主题词: 化学反应工程
电子资源:
ISBN: 7-5025-5979-5
000 01192nam0 2200301 450
001 012007201798
005 20070522171004.92
010    @a7-5025-5979-5@dCNY85.00
100    @a20070514d2005 km y0chiy0120 ea
101 1  @achi@ceng
102    @aCN@b110000
105    @ac z 000yy
106    @ar
200 1  @a化学反应工程@Ahua xue fan ying gong cheng@f(美)H.斯科特·福格勒(H.Scott Fogler)著@F(mei)H.si ke te·fu ge le(H.Scott Fogler)zhu@g李术元,朱建华译@Gli shu yuan,zhu jian hua yi
210    @a北京@c化学工业出版社@d2005
215    @a20,725页@c照片@d24cm
305    @a据原书第3版译出
306    @a由Prentice Hall PTR出版公司授权出版
330    @a全书14章,按化学反应与动量、热量、质量传递的共性归纳综合宏观的反应过程,主要介绍了反应工程的研究方法,强调工业应用的观念,使读者了解化学反应工程领域的基本概念和基本原理。
510 1  @aElements of chemical reaction engineering@zeng
606 0  @a化学反应工程
690    @aTQ03@v4
701  1 @c(美)@a福格勒@Afu ge le@bH.斯科特@4著
701  1 @c(美)@aFogler@bH.Scott@4著
702  0 @a李术元@Ali shu yuan@f(1959.9~)@4译
702  0 @a朱建华@Azhu jian hua@c(化工)@4译
801  0 @aCN@bRULIN@c20070522
905    @dTQ03@e134@s8
    
    化学反应工程/(美)H.斯科特·福格勒(H.Scott Fogler)著/李术元,朱建华译.-北京:化学工业出版社,2005
    20,725页:照片;24cm
    
    
    ISBN 7-5025-5979-5:CNY85.00
    全书14章,按化学反应与动量、热量、质量传递的共性归纳综合宏观的反应过程,主要介绍了反应工程的研究方法,强调工业应用的观念,使读者了解化学反应工程领域的基本概念和基本原理。
●
相关链接 在E读中查询图书 在五车中查询图书 在当当中查询图书 在豆瓣中查询图书


正题名:化学反应工程     索取号:TQ03/134         预约/预借

序号 登录号 条形码 馆藏地/架位号 状态 备注
1 0573961   205739619   第二样本阅览室/ [索取号:TQ03/134] 在馆    
2 0573962   205739628   第三借阅区/ [索取号:TQ03/134] 在馆    
3 0573963   205739637   第三借阅区/ [索取号:TQ03/134] 在馆    
4 0573964   205739646   密集书库/ [索取号:TQ03/134] 在馆    
5 0573965   205739655   第三借阅区/ [索取号:TQ03/134] 在馆    
6 0573966   205739664   第三借阅区/ [索取号:TQ03/134] 在馆    
7 0573967   205739673   密集书库/ [索取号:TQ03/134] 在馆    
8 0573968   205739682   密集书库/ [索取号:TQ03/134] 在馆    
唐山师范学院图书馆 欢迎您!
大连网信软件有限公司© 版权所有